[Event "Al Ain op 2nd"]
[Site "Al Ain"]
[Date "2013.12.28"]
[Round "9"]
[White "Rzayev, Bahruz Iqbal Oglu"]
[Black "Sharbaf, Mohsen"]
[Result "1/2-1/2"]
[WhiteElo "2465"]
[BlackElo "2424"]
[PlyCount "96"]
[EventDate "2013.12.19"]
[EventType "swiss"]
[EventRounds "9"]
[EventCountry "UAE"]
[SourceTitle "CBM 158 Extra"]
[Source "ChessBase"]
[SourceDate "2014.02.28"]
[SourceVersion "1"]
[SourceVersionDate "2014.02.28"]
[SourceQuality "1"]

1. c4 e5 2. g3 Nc6 3. Bg2 f5 4. Nc3 Nf6 5. e3 Bb4 6. Nge2 0-0 7. 0-0 Bxc3 8. Nxc3 d6 9. d3 Be6 10. Nd5 Qd7 11. Rb1 a5 12. b3 Bxd5 13. cxd5 Nb4 14. e4 Nxa2 15. Bd2 Nb4 16. Bxb4 axb4 17. Bh3 Ng4 18. Qd2 Qb5 19. Rbc1 c5 20. dxc6 bxc6 21. exf5 Nf6 22. Bg2 Rac8 23. f4 Rfe8 24. Rc4 Nd5 25. fxe5 Rxe5 26. d4 Re7 27. Qg5 Nf6 28. Rfc1 d5 29. Rc5 Qd3 30. Bxd5+ Nxd5 31. Rxd5 Rce8 32. Rd8 Rxd8 33. Qxe7 Qxd4+ 34. Kh1 h6 35. Qe6+ Kh7 36. Qxc6 Rd6 37. Qc2 Qd5+ 38. Kg1 Rf6 39. Rd1 Qf3 40. Qd3 Rxf5 41. Rd2 h5 42. h4 Kh6 43. Kh2 Rf6 44. Qd8 Kh7 45. Qd3+ g6 46. Qc4 Qe3 47. Qc7+ Kh6 48. Qd8 Rf2+ 1/2-1/2